00466 2200181 4500001002100000005001500021008004100036020002200077035001900099041000700118082000800125090001400133100001100147245004300158260003200201300002900233650002200262INLIS00000000000861620241224113659241224||||||||| | ||| |||| || |  a978-602-99062-0-2 0010-1224008616 aid0 a613 a613 AND m0 aAndina00aMengenal Problem Kesehatan Sehari-Hari aJakartabRomawi Pressc2012 a20x13 cm, viii, 96 hlm.; 0aIlmu-ilmu terapan